Antología de la Literatura Española Siglos XVIII Y XIX

Bibliographic Details
Main Authors: Mujica, Bárbara, Florensa, Eva
Format: Section = Libro
Language:Undetermined
Spanish
Published: New York John Wiley & Sons 1999
Subjects:
LEADER 00734nam a2200229Ia 4500
008 240829s9999 xx 000 0 und d
020 |a 0-471-25573-4 
040 |a BIBLIOTECA-RUSB/ Ref 860 M953 
041 |a spa 
082 |a Ref 860 M953 
100 1 |a Mujica, Bárbara  
100 1 |b  Florensa, Eva 
245 1 0 |a Antología de la Literatura Española Siglos XVIII Y XIX 
260 |a New York  |b John Wiley & Sons  |c 1999 
300 |a 522 p. :il. 
650 7 |a LITERATURA DE LAS LENGUAS ESPAÑOLA - SIGLO XVIII XIX 
650 7 |b  POESIA ESPAÑOLA - SIGLO XVIII - XIX 
650 7 |c  TEATRO ESPAÑOL - SIGLO XVIII - XIX 
650 7 |d  NOVELAS Y CUENTOS ESPAÑOL - SIGLO XVIII-XIX 
942 |c BK  |2 ddc 
991 |a TEXTO 
999 |c 6679